Normal view
MARC view
- تأليف برادة،محمد، ابراهيم غرايبة، وليد عبدالحي، باسم الطويسي، جابر عصفور، حسن مدن، علي فخور، عامر السبايلة، محي الدين توق؛ تقديم ابراهيم غرايبة
Entry Personal Name
001 - CONTROL NUMBER
- control field: 61336
003 - CONTROL NUMBER IDENTIFIER
- control field: JO-AjAnu
005 - DATE AND TIME OF LATEST TRANSACTION
- control field: 20230606084025.0
008 - FIXED-LENGTH DATA ELEMENTS
- fixed length control field: 230606|| aca||aabn | a|a d
040 ## - CATALOGING SOURCE
- Original cataloging agency: JO-AjAnu
- Transcribing agency: JO-AjAnu
100 ## - HEADING--PERSONAL NAME
- Personal name: تأليف برادة،محمد، ابراهيم غرايبة، وليد عبدالحي، باسم الطويسي، جابر عصفور، حسن مدن، علي فخور، عامر السبايلة، محي الدين توق؛ تقديم ابراهيم غرايبة
670 ## - SOURCE DATA FOUND
- Source citation: Work cat.: (JO-AjAnu)31288: تأليف برادة،محمد، ابراهيم غرايبة، وليد عبدالحي، باسم الطويسي، جابر عصفور، حسن مدن، علي فخور، عامر السبايلة، محي الدين توق؛ تقديم ابراهيم غرايبة, author, العالم العربي: قراءات في المشهد الحالي